| 000 | 00544nam a2200169 a 4500 | ||
|---|---|---|---|
| 001 | 000020932 | ||
| 005 | 20200930011206.0 | ||
| 008 | 100824s1997 dr a 000 0 spa d | ||
| 040 |
_aDO-SdBNP _bspa _cBNPHU |
||
| 082 |
_axxx _bL471e |
||
| 245 | 0 | 0 |
_aLecturas escogidas I : _bletras Inmortales / _cpresentación, selección y notas de Luis F. Cruz P. |
| 260 |
_aSanto Domingo : _bITESA, _c1997. |
||
| 300 |
_a171 p. : _bil. ; _c22 cm. |
||
| 504 | _aIncluye bibliografías [p. 170-171] | ||
| 700 | 1 |
_aCruz P., Luis F. _epres. _943858 |
|
| 049 | _aBNPD | ||
| 999 |
_c20435 _d20435 |
||